00777cam a22002411 4500001001300000003000400013005001700017008004100034010001700075035001900092040002600111042001200137050002000149100003300169245007200202260005700274300002200331440005600353500001700409650001500426830007700441999001700518gs 07000448 DLC20260227111305.0790306s1892 nyu s000 0 eng  ags 07000448  a(OCoLC)4714854 aDLCcUUdNBrockUdDLC apremarc00aQL430.7.U6bM451 aMarshall, William Blanchard.10aPreliminary list of New York Unionidae,cby William B. Marshall ... aAlbany,bUniversity of the state of New York,c1892. a[3]-17 p.c23 cm. 0aBulletin of the New York State Museum,vv. 1, no. 1 aCover title. 0aUnionidae. 0aBulletin of the New York State Museum of Natural History ;vv. 1, no. 1. c24579d24579